000 00604nam a2200229Ia 4500
003 OSt
005 20220918204231.0
006 a|||||r|||| 00| 0
007 ta
008 220917b |||||||| |||| 00| 0 eng d
024 _a111,651
037 _cTextual
040 _aARTS
_cARTS
_beng
041 _2eng
_aeng
082 _aV541:1:H0, F0.1, F0.2
100 _aGoodenough Lady Tr
_9111215
245 0 _aChronicle of Muntaner
260 _aNA
_bNA
_c1920
650 _aHISTORY
942 _hV541:1:H0, F0.1, F0.2
_cTEXL
_2CC
999 _c235000
_d235000